| 000 | 00849nam a2200265 i 4500 | ||
|---|---|---|---|
| 001 | 11556 | ||
| 003 | ES-MaACL | ||
| 005 | 20250827062556.0 | ||
| 008 | 950310s1995 sp l |||| | spa d | ||
| 020 | _a84-470-0621-2 | ||
| 080 | _a35(460)"19"(094.5) | ||
| 110 | 1 |
_aEspaña _93622 |
|
| 243 | 1 | 0 | _aLeyes, etc., de administración pública |
| 245 | 1 | 0 |
_aCódigo de las leyes administrativas / _cEduardo García de Enterría, José A. Escalante. |
| 250 | _a10ª ed., (8ª en Civitas). | ||
| 260 |
_aMadrid : _bCivitas, _c1995. |
||
| 300 |
_a3464 p. ; _c25 cm. |
||
| 500 | _aÍndices. | ||
| 650 | 7 |
_aDerecho administrativo- _zEspaña _2 _9145992 |
|
| 700 | 1 |
_aGarcía de Enterría, Eduardo. _954425 |
|
| 700 | 1 |
_aEscalante, José A. _947466 |
|
| 852 |
_aES-MaACL _jL-18943 |
||
| 852 |
_aES-MaACL _jL-19262 |
||
| 999 |
_c11556 _d11556 |
||